PrintProgress časopis o polygrafii a súvisiacich odvetviach
Guardado en:
| Formato: | Seriadas |
|---|---|
| Publicado: |
Trnava
VELDAN
2023
|
| Etiquetas: |
Sin Etiquetas, Sea el primero en etiquetar este registro!
|
MARC
| LEADER | 00000nas2a2200000 4500 | ||
|---|---|---|---|
| 001 | 0296525 | ||
| 005 | 20231004112351.1 | ||
| 022 | |a 1339-3804 | ||
| 245 | 1 | 0 | |a PrintProgress |b časopis o polygrafii a súvisiacich odvetviach |
| 264 | 1 | |a Trnava |b VELDAN |c 2023 | |
| 773 | 0 | |w eu_un_cat*0158425 | |